| 000 | 00400nam a2200169Ia 4500 | ||
|---|---|---|---|
| 005 | 20251020182613.0 | ||
| 008 | 200515s9999 xx 000 0 und d | ||
| 082 | _aSC/69.032:311/B40 | ||
| 100 | _aBARTRA CAVERO, José | ||
| 245 | 0 | _aLicitaciones : contrato de obra pública (Rulcop) | |
| 250 | _a3a ed. | ||
| 260 | _aLima | ||
| 260 | _c1995 | ||
| 300 | _a560 | ||
| 650 | _aRULCOP | ||
| 942 | _cLIB | ||
| 999 |
_c3402 _d3402 |
||